<?xml version="1.0" encoding="UTF-8"?>
<record
    xmlns:xsi="http://www.w3.org/2001/XMLSchema-instance"
    xsi:schemaLocation="http://www.loc.gov/MARC21/slim http://www.loc.gov/standards/marcxml/schema/MARC21slim.xsd"
    xmlns="http://www.loc.gov/MARC21/slim">

  <leader>04667nam a22006855i 4500</leader>
  <controlfield tag="001">978-981-15-7865-6</controlfield>
  <controlfield tag="003">DE-He213</controlfield>
  <controlfield tag="005">20260304124417.0</controlfield>
  <controlfield tag="007">cr nn 008mamaa</controlfield>
  <controlfield tag="008">201102s2021    si |    s    |||| 0|eng d</controlfield>
  <datafield tag="020" ind1=" " ind2=" ">
    <subfield code="a">9789811578656</subfield>
    <subfield code="9">978-981-15-7865-6</subfield>
  </datafield>
  <datafield tag="024" ind1="7" ind2=" ">
    <subfield code="a">10.1007/978-981-15-7865-6</subfield>
    <subfield code="2">doi</subfield>
  </datafield>
  <datafield tag="050" ind1=" " ind2="4">
    <subfield code="a">DS701-799.9</subfield>
  </datafield>
  <datafield tag="072" ind1=" " ind2="7">
    <subfield code="a">HBJF</subfield>
    <subfield code="2">bicssc</subfield>
  </datafield>
  <datafield tag="072" ind1=" " ind2="7">
    <subfield code="a">1FPC</subfield>
    <subfield code="2">bicssc</subfield>
  </datafield>
  <datafield tag="072" ind1=" " ind2="7">
    <subfield code="a">HIS008000</subfield>
    <subfield code="2">bisacsh</subfield>
  </datafield>
  <datafield tag="072" ind1=" " ind2="7">
    <subfield code="a">NHF</subfield>
    <subfield code="x">1FPC</subfield>
    <subfield code="2">thema</subfield>
  </datafield>
  <datafield tag="082" ind1="0" ind2="4">
    <subfield code="a">951</subfield>
    <subfield code="2">23</subfield>
  </datafield>
  <datafield tag="100" ind1="1" ind2=" ">
    <subfield code="a">Perez-Garcia, Manuel.</subfield>
    <subfield code="e">author.</subfield>
    <subfield code="0">(orcid)0000-0003-4520-3760</subfield>
    <subfield code="1">https://orcid.org/0000-0003-4520-3760</subfield>
    <subfield code="4">aut</subfield>
    <subfield code="4">http://id.loc.gov/vocabulary/relators/aut</subfield>
    <subfield code="9">23749</subfield>
  </datafield>
  <datafield tag="245" ind1="1" ind2="0">
    <subfield code="a">Global History with Chinese Characteristics</subfield>
    <subfield code="h">[electronic resource] :</subfield>
    <subfield code="b">Autocratic States along the Silk Road in the Decline of the Spanish and Qing Empires 1680-1796 /</subfield>
    <subfield code="c">by Manuel Perez-Garcia.</subfield>
  </datafield>
  <datafield tag="250" ind1=" " ind2=" ">
    <subfield code="a">1st ed. 2021.</subfield>
  </datafield>
  <datafield tag="264" ind1=" " ind2="1">
    <subfield code="a">Singapore :</subfield>
    <subfield code="b">Springer Nature Singapore :</subfield>
    <subfield code="b">Imprint: Palgrave Macmillan,</subfield>
    <subfield code="c">2021.</subfield>
  </datafield>
  <datafield tag="300" ind1=" " ind2=" ">
    <subfield code="a">XXXV, 244 p. 35 illus., 15 illus. in color.</subfield>
    <subfield code="b">online resource.</subfield>
  </datafield>
  <datafield tag="336" ind1=" " ind2=" ">
    <subfield code="a">text</subfield>
    <subfield code="b">txt</subfield>
    <subfield code="2">rdacontent</subfield>
  </datafield>
  <datafield tag="337" ind1=" " ind2=" ">
    <subfield code="a">computer</subfield>
    <subfield code="b">c</subfield>
    <subfield code="2">rdamedia</subfield>
  </datafield>
  <datafield tag="338" ind1=" " ind2=" ">
    <subfield code="a">online resource</subfield>
    <subfield code="b">cr</subfield>
    <subfield code="2">rdacarrier</subfield>
  </datafield>
  <datafield tag="341" ind1="0" ind2=" ">
    <subfield code="b">Table of contents navigation</subfield>
    <subfield code="2">onix</subfield>
  </datafield>
  <datafield tag="341" ind1="0" ind2=" ">
    <subfield code="b">Single logical reading order</subfield>
    <subfield code="2">onix</subfield>
  </datafield>
  <datafield tag="341" ind1="0" ind2=" ">
    <subfield code="b">Short alternative textual descriptions</subfield>
    <subfield code="2">onix</subfield>
  </datafield>
  <datafield tag="341" ind1="0" ind2=" ">
    <subfield code="b">Use of color is not sole means of conveying information</subfield>
    <subfield code="2">onix</subfield>
  </datafield>
  <datafield tag="341" ind1="0" ind2=" ">
    <subfield code="b">Use of high contrast between text and background color</subfield>
    <subfield code="2">onix</subfield>
  </datafield>
  <datafield tag="341" ind1="0" ind2=" ">
    <subfield code="b">Next / Previous structural navigation</subfield>
    <subfield code="2">onix</subfield>
  </datafield>
  <datafield tag="341" ind1="0" ind2=" ">
    <subfield code="b">All non-decorative content supports reading without sight</subfield>
    <subfield code="2">onix</subfield>
  </datafield>
  <datafield tag="347" ind1=" " ind2=" ">
    <subfield code="a">text file</subfield>
    <subfield code="b">PDF</subfield>
    <subfield code="2">rda</subfield>
  </datafield>
  <datafield tag="490" ind1="1" ind2=" ">
    <subfield code="a">Palgrave Studies in Comparative Global History,</subfield>
    <subfield code="x">2662-7973</subfield>
  </datafield>
  <datafield tag="505" ind1="0" ind2=" ">
    <subfield code="a">Introduction: The Implementation of the New Global History in China -- The &#x201C;Global History Paradox&#x201D; in China: Sinocentred Approaches along the Silk Road -- The Mandate of Heaven, the Rule of the Emperor: Self-sufficiency of the Middle-Kingdom -- Silver, Rogues, and Trade Networks: Sangleyes and Manila Galleons connecting the Spanish Empire and Qing China -- Conclusions.</subfield>
  </datafield>
  <datafield tag="506" ind1="0" ind2=" ">
    <subfield code="a">Open Access</subfield>
  </datafield>
  <datafield tag="520" ind1=" " ind2=" ">
    <subfield code="a">This open access book examines perceptions and dialogues between China and Europe by analysing strategic geopolitical sites which fostered commerce, consumption and socioeconomic networks between China and Europe through a particular case study: Macau, connecting with South China, and Marseille in Mediterranean Europe from 1680 to 1800. How did foreign merchant networks and trans&#x2010;national communities of Macau and Marseille operate during the eighteenth century and contribute to somehow transfer respectively European and Chinese socio&#x2010;cultural habits and forms in local population? What was the degree and channels of consumption of European goods in China and Chinese goods in Europe? Through these questions the book explores the bilateral Sino&#x2010;European trade relations and considers how the trans&#x2010;national dimension of exotic commodities changed tastes by creating a new type of global consumerism.</subfield>
  </datafield>
  <datafield tag="532" ind1="8" ind2=" ">
    <subfield code="a">Accessibility summary: This PDF does not fully comply with PDF/UA standards, but does feature limited screen reader support, described non-text content (images, graphs), bookmarks for easy navigation and searchable, selectable text. Users of assistive technologies may experience difficulty navigating or interpreting content in this document. We recognize the importance of accessibility, and we welcome queries about accessibility for any of our products. If you have a question or an access need, please get in touch with us at accessibilitysupport@springernature.com.</subfield>
  </datafield>
  <datafield tag="532" ind1="8" ind2=" ">
    <subfield code="a">No reading system accessibility options actively disabled</subfield>
  </datafield>
  <datafield tag="532" ind1="8" ind2=" ">
    <subfield code="a">Publisher contact for further accessibility information: accessibilitysupport@springernature.com</subfield>
  </datafield>
  <datafield tag="650" ind1=" " ind2="0">
    <subfield code="a">China</subfield>
    <subfield code="x">History.</subfield>
  </datafield>
  <datafield tag="650" ind1=" " ind2="0">
    <subfield code="a">Europe</subfield>
    <subfield code="x">History</subfield>
    <subfield code="x">1492-.</subfield>
    <subfield code="9">204</subfield>
  </datafield>
  <datafield tag="650" ind1=" " ind2="0">
    <subfield code="a">Economic history.</subfield>
  </datafield>
  <datafield tag="650" ind1="1" ind2="4">
    <subfield code="a">History of China.</subfield>
  </datafield>
  <datafield tag="650" ind1="2" ind2="4">
    <subfield code="a">History of Early Modern Europe.</subfield>
    <subfield code="9">209</subfield>
  </datafield>
  <datafield tag="650" ind1="2" ind2="4">
    <subfield code="a">Economic History.</subfield>
  </datafield>
  <datafield tag="710" ind1="2" ind2=" ">
    <subfield code="a">SpringerLink (Online service)</subfield>
  </datafield>
  <datafield tag="773" ind1="0" ind2=" ">
    <subfield code="t">Springer Nature eBook</subfield>
  </datafield>
  <datafield tag="776" ind1="0" ind2="8">
    <subfield code="i">Printed edition:</subfield>
    <subfield code="z">9789811578649</subfield>
  </datafield>
  <datafield tag="776" ind1="0" ind2="8">
    <subfield code="i">Printed edition:</subfield>
    <subfield code="z">9789811578663</subfield>
  </datafield>
  <datafield tag="776" ind1="0" ind2="8">
    <subfield code="i">Printed edition:</subfield>
    <subfield code="z">9789811578670</subfield>
  </datafield>
  <datafield tag="830" ind1=" " ind2="0">
    <subfield code="a">Palgrave Studies in Comparative Global History,</subfield>
    <subfield code="x">2662-7973</subfield>
    <subfield code="9">14200</subfield>
  </datafield>
  <datafield tag="856" ind1="4" ind2="0">
    <subfield code="u">https://doi.org/10.1007/978-981-15-7865-6</subfield>
  </datafield>
  <datafield tag="912" ind1=" " ind2=" ">
    <subfield code="a">ZDB-2-HTY</subfield>
  </datafield>
  <datafield tag="912" ind1=" " ind2=" ">
    <subfield code="a">ZDB-2-SXH</subfield>
  </datafield>
  <datafield tag="912" ind1=" " ind2=" ">
    <subfield code="a">ZDB-2-SOB</subfield>
  </datafield>
  <datafield tag="999" ind1=" " ind2=" ">
    <subfield code="c">463989</subfield>
    <subfield code="d">463989</subfield>
  </datafield>
</record>
